| 000 -LEADER |
| fixed length control field |
00567nam a22001217a 4500 |
| 040 ## - CATALOGING SOURCE |
| Transcribing agency |
HS |
| 082 ## - DEWEY DECIMAL CLASSIFICATION NUMBER |
| Classification number |
338 |
| 110 ## - MAIN ENTRY--CORPORATE NAME |
| Corporate name or jurisdiction name as entry element |
ការិយាល័យបណ្តុះបណ្តាល និងអភិវឌ្ឍន៍សហគមន៍ |
| 245 ## - TITLE STATEMENT |
| Title |
ការប្រើប្រាស់ ថែទាំ ជួសជុល គោយន្តឧបករណ៍កសិកម្ម |
| 260 ## - PUBLICATION, DISTRIBUTION, ETC. (IMPRINT) |
| Place of publication |
Cambodia |
| Name of publisher |
ការិយាល័យបណ្តុះបណ្តាល និងអភិវឌ្ឍន៍សហគមន៍ |
| Year of publication |
2009 |
| 300 ## - PHYSICAL DESCRIPTION |
| Number of Pages |
25p; |
| 942 ## - ADDED ENTRY ELEMENTS (KOHA) |
| Koha item type |
សៀវភៅភាសាខ្មែរ |
| 952 ## - LOCATION AND ITEM INFORMATION (KOHA) |
| Withdrawn status [LOCAL, KOHA] |
0 |
| 952 ## - LOCATION AND ITEM INFORMATION (KOHA) |
| Withdrawn status [LOCAL, KOHA] |
0 |